ბათუმის შოთა რუსთაველის სახელმწიფო უნივერსიტეტის ბიბლიოთეკა

Мифология Древнего Египта / (ბიბ.ჩანაწერი № 61067)

000 -LEADER
fixed length control field 00837nam a22001937a 4500
005 - DATE AND TIME OF LATEST TRANSACTION
control field 20231213123347.0
008 - FIXED-LENGTH DATA ELEMENTS--GENERAL INFORMATION
fixed length control field 231213s1983 ru ||||| |||| 00| 0 rus d
041 ## - LANGUAGE CODE
Language code of text/sound track or separate title rus
080 ## - UNIVERSAL DECIMAL CLASSIFICATION NUMBER
Universal Decimal Classification number 821.412'01.09-343 Л-61
100 ## - MAIN ENTRY--PERSONAL NAME
Personal name Липинская, Ядвига
9 (RLIN) 20696
245 ## - TITLE STATEMENT
Title Мифология Древнего Египта /
Statement of responsibility, etc. Ядвига Липинская, Марек Марциняк.
264 ## - PRODUCTION, PUBLICATION, DISTRIBUTION, MANUFACTURE, AND COPYRIGHT NOTICE
Place of production, publication, distribution, manufacture Москва :
Name of producer, publisher, distributor, manufacturer Искусство,
Date of production, publication, distribution, manufacture, or copyright notice 1983.
300 ## - PHYSICAL DESCRIPTION
Extent 222 с. :
Other physical details ил.;
Dimensions 16 см.
653 ## - INDEX TERM--UNCONTROLLED
keyword ეგვიპტური მითები
653 ## - INDEX TERM--UNCONTROLLED
keyword ეგვიპტური ლეგენდები და ტრადიციები
653 ## - INDEX TERM--UNCONTROLLED
keyword ეგვიპტური ფოლკლორი
700 ## - ADDED ENTRY--PERSONAL NAME
Personal name Марциняк, Марек
Relator term ავტორი
9 (RLIN) 20697
942 ## - ADDED ENTRY ELEMENTS (KOHA)
Source of classification or shelving scheme
Koha item type წიგნი
ეგზემპლარები
Withdrawn status Lost status Source of classification or shelving scheme Damaged status Not for loan Permanent Location Current Location Shelving location Date acquired Cost, normal purchase price Full call number Barcode Date last seen Copy number Uniform Resource Identifier Price effective from Koha item type Public note
          ბათუმის შოთა რუსთაველის სახელმწიფო უნივერსიტეტის მთავარი ბიბლიოთეკა ბათუმის შოთა რუსთაველის სახელმწიფო უნივერსიტეტის მთავარი ბიბლიოთეკა წიგნსაცავი 2023-12-13 8.00 821.412'01.09-343 Л-61 65590 2023-12-13 65590 ბსუ-ს საპატიო დოქტორის გურამ ლორთქიფანიძის საჩუქარი 2023-12-13 წიგნი 8 ლ.